000 00409nam a2200145Ia 4500
008 100204s9999 xx 000 0 und d
082 _b9565
100 _aअत्रे प्रभाकर
245 _aपालखी
260 _b"मंदार प्रकाशन , पनवेल"
_c1987
300 _a162
630 _aपालखी
730 _aपालखी
942 _cBOOK
999 _c454001
_d453998